<?xml version="1.0" encoding="UTF-8"?>
<collection xmlns="http://www.loc.gov/MARC21/slim">
<record>
  <controlfield tag="001">118697</controlfield>
  <controlfield tag="005">20230626083904.0</controlfield>
  <datafield tag="020" ind1=" " ind2=" ">
    <subfield code="a">978-84-18321-51-1</subfield>
  </datafield>
  <datafield tag="024" ind1="7" ind2=" ">
    <subfield code="2">doi</subfield>
    <subfield code="a">10.26754/uz.978-84-18321-51-1</subfield>
  </datafield>
  <datafield tag="037" ind1=" " ind2=" ">
    <subfield code="a">BOOK-2022-030</subfield>
  </datafield>
  <datafield tag="041" ind1=" " ind2=" ">
    <subfield code="a">por</subfield>
  </datafield>
  <datafield tag="100" ind1=" " ind2=" ">
    <subfield code="a">Esteban Salvador, María Luisa (Coord.)</subfield>
  </datafield>
  <datafield tag="245" ind1=" " ind2=" ">
    <subfield code="a">Governação Corporativa nas Organizações Desportivas: Uma abordagem de género RELATÓRIO FINAL 2022</subfield>
  </datafield>
  <datafield tag="260" ind1=" " ind2=" ">
    <subfield code="a">Teruel</subfield>
    <subfield code="b">Servicio de Publicaciones Universidad de Zaragoza</subfield>
    <subfield code="c">2022</subfield>
  </datafield>
  <datafield tag="500" ind1=" " ind2=" ">
    <subfield code="a">"The European Commission's support for the production of this publication does not constitute an endorsement of the contents, which reflect the views only of the authors, and the Commission cannot be held responsible for any use which may be made of the information contained therein".</subfield>
  </datafield>
  <datafield tag="520" ind1=" " ind2=" ">
    <subfield code="a">O projeto “Governação corporativa nas organizações desportivas: Uma abordagem de género” (doravante Projeto GESPORT) procura reforçar a igualdade entre homens e mulheres em posições de tomada de decisão, em organizações desportivas, na Europa. O primeiro objetivo do projeto é melhorar a acessibilidade das mulheres à direção de todas as federações desportivas ao abrigo das ações do programa Erasmus + Sport. Por outras palavras, o Projeto GESPORT visa divulgar conhecimentos relativamente à presença de mulheres em posições de tomada de decisão estratégica e, desta forma, contribuir para as políticas europeias de promoção e apoio de uma boa governação no desporto. Aqui, definimos género em termos binários, “masculino” e “feminino”. Contudo, reconhecemos que estes são termos ambíguos e com os quais nem todos se identificam. Por este motivo, refletiremos mais sobre o tema da identificação não-binária como identidade social e transgénero no desporto posteriormente, na secção do contexto do relatório, a seguir à introdução.</subfield>
  </datafield>
  <datafield tag="700" ind1=" " ind2=" ">
    <subfield code="a">Di Cimbrini, Tiziana</subfield>
  </datafield>
  <datafield tag="700" ind1=" " ind2=" ">
    <subfield code="a">Fernandes, Emilia</subfield>
  </datafield>
  <datafield tag="700" ind1=" " ind2=" ">
    <subfield code="a">Güngör Göksu, Gonca</subfield>
  </datafield>
  <datafield tag="700" ind1=" " ind2=" ">
    <subfield code="a">Smith, Charlotte</subfield>
  </datafield>
  <datafield tag="856" ind1="0" ind2=" ">
    <subfield code="f">agroca@unizar.es</subfield>
  </datafield>
  <datafield tag="856" ind1="4" ind2=" ">
    <subfield code="s">28210533</subfield>
    <subfield code="u">http://zaguan.unizar.es/record/118697/files/Informe%20final%20portugue%CC%81s%20NE.pdf</subfield>
  </datafield>
  <datafield tag="909" ind1="C" ind2="O">
    <subfield code="o">oai:zaguan.unizar.es:118697</subfield>
    <subfield code="p">books</subfield>
  </datafield>
  <datafield tag="980" ind1=" " ind2=" ">
    <subfield code="a">BOOK</subfield>
    <subfield code="b">DIVULGA</subfield>
  </datafield>
</record>
</collection>